书目信息 |
| 题名: |
思想放谈
|
|
| 作者: | ;经济管理编辑部 编 | |
| 分册: | ||
| 出版信息: | 北京 中国社会科学出版社 1981 |
|
| 页数: | 86页 | |
| 开本: | 19cm | |
| 丛书名: | ||
| 单 册: | ||
| 中图分类: | F123.9 | |
| 科图分类: | ||
| 主题词: | 经济--中国--1980--文集 , 经济--中国 | |
| 电子资源: | ||
| ISBN: | ||
| 000 | 00693nam0 2200253 45 | |
| 001 | 0181002410 | |
| 005 | 20040427083127.2 | |
| 010 | @dCNY0.25 | |
| 091 | @a4190.087 | |
| 100 | @a19950622d1981 em y0chiy0121 ea | |
| 101 | 0 | @achi |
| 102 | @aCN@b110000 | |
| 105 | @ay z 010yy | |
| 106 | @ar | |
| 200 | 10 | @a思想放谈@Asi xiang fang tan@e1980年集@f《经济管理》编辑部编 |
| 210 | @a北京@c中国社会科学出版社@d1981 | |
| 215 | @a86页@d19cm | |
| 606 | @a经济@y中国@z1980@x文集 | |
| 606 | 0 | @a经济@x中国 |
| 690 | @aF123.9 | |
| 711 | 02 | @a经济管理编辑部@Ajing ji guan li bian ji bu@4编 |
| 801 | 0 | @aCN@b上海图书馆@c20040427 |
| 801 | 2 | @aCN@bNLC@c20040427 |
| 905 | @f2@b73621-622@dF123.9@e14 | |
| 思想放谈:1980年集/《经济管理》编辑部编.-北京:中国社会科学出版社,1981 |
| 86页;19cm |
| ISBN :CNY0.25 |
| ● |
| 相关链接 |
|
|
|
|
正题名:思想放谈
索取号:F123.9/14
 
预约/预借
| 序号 | 登录号 | 条形码 | 馆藏地/架位号 | 状态 | 备注 |
| 1 | 0073621 | 000198020 | 密集书库/ [索取号:F123.9/14] | 在馆 | |
| 2 | 0073622 | 000198066 | 密集书库/ [索取号:F123.9/14] | 在馆 | |
| 3 | 0073623 | 000197986 | 第一样本阅览室/ [索取号:F123.9/14] | 在馆 |